000 01039nam a2200289 a 4500
003 DO-SdBNP
005 20240305131246.0
007 ta
008 090626s2019 dr 001 0 spa d
020 _a9789945617115
040 _aDO-SdBNP
_bspa
_cBNPHU
082 4 _aR 346.086000361
_bR333d, 2019
_222
100 1 _aRegalado, Genaro Ml.
_95672
245 1 0 _aDICGLOSEG :
_bdiccionario global de seguros /
_cGenaro Ml. Regalado ; prólogo Euclides Gutiérrez Félix.
250 _a2da. ed.
260 _aSanto Domingo :
_bSantuario,
_c2019.
300 _a359 p. ;
_c23 cm.
500 _aUn diccionario práctico en cualquier situación
500 _aIncluye índice
504 _aBibliografía : p. 359
590 _aInventariado, 2022 /LP
650 4 _aDerecho de seguros
_zRepública Dominicana
_vDiccionarios
_xEspañol
_981331
650 4 _aSeguros
_vDiccionarios
_xEspañol
_981332
700 1 _aGutiérrez Félix, Euclides,
_d1936-
_epról.
_95673
910 _aLopérez/Validado. Control de calidad MFF
942 _2ddc
_cLBS1
999 _c51359
_d51359